000 01473nam a2200361 a 4500
001 000113430
003 CHAP
005 20220329144354.0
008 170622s2016 mx a fsm |||||||spa d
010 _a109891
011 _a110863
040 _cCHAP
090 _aTesis
100 0 0 _aDíaz Mota, María de los Angeles
_933567
245 1 0 _aActividad antifúngica y fitotóxica de los extractos vegetales de Tulbaghia violacea, Piper auritum, Capsicum chinense, Raphanus sativus, Brassica napobrassica, Dieffenbachia amoena, Nerium oleander /
_h[En línea]
_cpor María de los Ángeles Díaz Mota.
260 _aChapingo, Méx. :
_bEl autor,
_c2016.
500 _aPara ver el contenido del material haga clic en la liga
502 _aTesis (Ph.D. en Ciencias en Horticultura) -- UACH. Departamento de Fitotecnia
590 _aBATCH-UPD
_b05
_c20170623
_lUCH01
_h0952
590 _aE11695DGD
_b10
_c20170623
_lUCH01
_h1028
590 _aE8697GMM
_b05
_c20170622
_lUCH01
_h1432
590 _aE8697GMM
_b05
_c20170622
_lUCH01
_h1503
590 _aE8697GMM
_b05
_c20170623
_lUCH01
_h0951
650 1 4 _aAleloquímicos.
_93762
650 1 4 _aExtractos vegetales como fungicida.
_9129639
650 1 4 _aExtractos vegetales como herbicida.
_9130501
650 1 4 _aMetanol
_xToxicidad.
_9132703
650 1 4 _aPepino
_xEnfermedades por hongos.
_986905
856 _aFinding aid
_uhttp://10.13.5.2/tesis/sist113430.pdf
_zTeclea aquí
901 _aBK
942 _cTESIS
942 _n0
999 _c109891
_d109891